Rozpoznaj zagraniczną piosenkę po polsku #8 - Statystyki

Ogólne statystyki
  • Ten quiz został rozwiązany 132 razy
  • Średni wynik to 6 z 16
Statystyki odpowiedzi
Tekst przetłumaczony na polski (Google tłumacz) Artysta/Utwór Odpowiedź % Poprawnych
Bo dziewczyny takie jak ty Biegaj z facetami takimi jak ja Do zachodu słońca, kiedy przechodzę Potrzebuję dziewczyny takiej jak ty, tak tak Dziewczyny takie jak ty Uwielbiam zabawę, ja też Tytuł Girls Like You
67%
Hoo, jak dziewica Dotknięte po raz pierwszy Jak dziewica Kiedy twoje serce bije Obok mojego Oddam ci całą moją miłość, chłopcze. Tytuł Like A Virgin
60%
| Maroon 5 - Girls Like You ft. Cardi B Artysta Maroon 5 ft. Cardi B
58%
| Madonna - Like A Virgin Artysta Madonna
57%
Strzał w serce I to ty jesteś winny Dajesz miłości złe imię (złe imię) Ja gram swoją rolę, a ty swoją. Dajesz miłości złe imię (złe imię) Tytuł You Give Love A Bad Name
56%
Wystarczy jeden pocałunek. Zakochujesz się we mnie Możliwości Wyglądam jak wszystko czego potrzebujesz Wystarczy jeden pocałunek. Zakochujesz się we mnie Możliwości Wyglądam jak wszystko czego potrzebujesz Tytuł One Kiss
54%
| Bon Jovi - You Give Love A Bad Name Artysta Bon Jovi
53%
| Calvin Harris ft Dua Lipa - One Kiss Artysta Calvin Harris ft Dua Lipa
47%
Czy możemy udawać, że samoloty na nocnym niebie są jak strzelające gwiazdy Naprawdę przydałoby mi się życzenie, życzenie teraz, Czy możemy udawać, że samoloty na nocnym niebie są jak strzelające gwiazdy Naprawdę przydałoby mi się teraz życzenie, życzenie teraz, Tytuł Airplanes
44%
| B.o.B - Airplanes feat. Hayley Williams (Wokalista Paramore ) Artysta B.o.B ft. Hayley Williams
34%
"Cóż, czyż to nie jest miłe?" I czy to nie ironiczne, nie sądzisz, że... To jak deszcz w dniu twojego ślubu. To darmowa przejażdżka, kiedy już zapłaciłeś. To jest dobra rada, której po prostu nie wziąłeś. Kto by pomyślał, że to się liczy. Tytuł Ironic
17%
| Alanis Morissette - Ironic Artysta Alanis Morissette
15%
| Avril Lavigne - What The Hell Artysta Avril Lavigne
14%
Całe moje życie byłem dobry, Ale teraz zastanawiam się, co do cholery... Wszystko czego chcę, to rozrabiać I naprawdę nie obchodzi mnie Jeśli mnie kochasz Jeśli mnie nienawidzisz Nie możesz mnie uratować Tytuł What The Hell
14%
| Evanescence - My Immortal Artysta Evanescence
9%
Te rany nie zagoją się, ten ból jest po prostu zbyt prawdziwy. Jest po prostu za dużo czasu, którego nie można wymazać. Kiedy płakałaś, otarłabym wszystkie twoje łzy Gdy ty krzyczałaś, ja zwalczałam wszystkie twoje lęki. I trzymałem cię za rękę przez te wszystkie lata Ale ty wciąż masz mnie całą. Tytuł My Immortal
7%
Nie znaleziono quizów pasujących do podanych kryteriów
Rozkład punktacji
Procent ludzi z każdym wynikiem
Percentyl według liczby udzielonych odpowiedzi
Twoja historia wyników
Nie rozwiązałeś tego quizu